George at the fort, or, Life among the soldiers /

Bibliographic Details
Main Author: Castlemon, Harry, 1842-1915
Format: Book
Language:English
Published: Philadelphia : Porter & Coates, [1882]
Series:Castlemon, Harry, 1842-1915. Roughing it series.

MARC

Tag First Indicator Second Indicator Subfields
LEADER 00000cam a2200000 4500
001 in00000017452
005 20151007053550.0
008 730330s1882 pauaf j 00011 eng
010 |a  12031254  
035 |a (OCoLC)00593912 
035 |9 AAB2087AM 
040 |a DLC  |c KSU  |d TXA  |d UtOrBLW 
049 |a [Curr Col] TXAM  |c [A12562578] 
050 0 0 |a PZ7.F786  |b  G 
100 1 |a Castlemon, Harry,  |d 1842-1915. 
245 1 0 |a George at the fort, or, Life among the soldiers /  |c by Harry Castlemon. 
264 1 |a Philadelphia :  |b Porter & Coates,  |c [1882] 
264 4 |c ©1882 
300 |a 351 pages, 3 unnumbered pages of plates :  |b illustrations ;  |c 18 cm. 
336 |a text  |b txt  |2 rdacontent 
337 |a unmediated  |b n  |2 rdamedia 
338 |a volume  |b nc  |2 rdacarrier 
490 1 |a Roughing it series 
740 0 |a Life among the soldiers. 
800 1 |a Castlemon, Harry,  |d 1842-1915.  |t Roughing it series. 
999 |a MARS 
999 f f |s b059ee5f-2b8f-3c26-b2c6-6840e2d378d4  |i 7f4a6e69-eb4a-3bfb-a21e-a2dcad07c47e  |t 0 
952 f f |p ric  |a Texas A&M University  |b Rellis Campus  |c Joint Library Facility  |d Remote Storage  |t 0  |e PZ7.F786 G  |h Library of Congress classification  |i unmediated -- volume  |m A14812562578 
998 f f |a PZ7.F786 G  |t 0  |l Remote Storage